| 000 | 00872nam 22002173 4500 | ||
|---|---|---|---|
| 001 | 201379 | ||
| 010 | _a972-8777-68-X | ||
| 021 |
_aPT _b216355/04 |
||
| 090 | _a201379 | ||
| 100 | _a20260318d u||y0pory50 ba | ||
| 200 |
_aAs estrelas acessíveis: José de Almada Negreiros o corpo em palestra _fAna Paula Guimarães |
||
| 205 | _a1ª | ||
| 210 |
_aLisboa _cApenas _d2004 |
||
| 215 |
_a205 p. _cil. ; brochado _d23 cm |
||
| 300 | _aJosé Sobral de Almada Negreiros (1893-1970) foi um artista multidisciplinar português que se dedicou fundamentalmente às artes plásticas e à escrita, ocupando uma posição central na primeira geração de modernistas portugueses | ||
| 606 |
_93661 _aCrítica Literária.Estudos Literários |
||
| 675 |
_a82.09 _vPT _zpor |
||
| 700 |
_912886 _aGuimarães _bAna Paula _f1953 - |
||
| 801 |
_aPT _bBMMN _gRPC |
||
| 830 | _cVanda | ||
| 990 | _cLIVROS | ||